Films en images - H - Statistiques

Statistiques générales
  • Ce quiz a été pris 437 fois
  • Le résultat moyen est 8 sur 16
Statistiques - réponses
Par images Réponse % Correct
Harry Potter
98%
Hunger Games
94%
Le Hobbit
94%
La Haine
87%
Hannibal
75%
High School Musical
67%
Hook
55%
Hollywoo
42%
Hancock
40%
Hercule
34%
Les Huit Salopards
26%
Happy Birthdead
25%
Happiness Therapy
23%
Hatchi
22%
Hors de Prix
11%
Un Homme idéal
11%
Aucun quiz correspondant
Distribution des résultats
% des personnes avec chaque résultat
Percentile par nombre de réponses
Votre historique - résultats
Vous n’avez pas pris ce quiz